Multiple Choice City Quiz - Sacramento - Statistics

General Stats
  • This quiz has been taken 297 times
  • The average score is 4 of 10
Answer Stats
Question Answer % Correct
Who sang Folsom Prison Blues, a song about a prison in a Sacramento suburb? Johnny Cash
88%
The Sacramento Kings are the only major league team in Sacramento, what league are they a part of? National Basketball Association
81%
While governor, who opted to take a daily commute to Sacramento in a private plane from his Los Angeles home instead of living in the Sacramento area? Arnold Schwarzenegger
74%
Which of these movies was set in Sacramento? Lady Bird
39%
Which of these routes was Sacramento not the western terminus of? Lincoln Highway
36%
What color is Tower Bridge? Gold
33%
Who founded Sacramento? John Sutter, a Swiss immigrant to Mexico and businessman
28%
Which of these cities wasn't one of the capitals of California before Sacramento? San Francisco
22%
Which of these is not or was not a nickname for Sacramento at one point? Gateway to the Sierra
21%
What notorious killer's first kill was in Sacramento? Ted Kaczynski (Unabomber)
14%
No matching quizzes found
Score Distribution
Percent of People with Each Score
Percentile by Number Answered
Your Score History
You have not taken this quiz